000
00276nam a2200109Ia 4500
008
180205s9999 xx 000 0 und d
020
_a
71226567
100
_a
Papalia, Diane E.
245
_a
Human Development /
260
_a
USA
_b
Mc graw hill
_c
2002
300
_a
iii, 522 pages
999
_c
354663
_d
354663